[Event "St. Pauli Open - B"]
[Site "Hamburg"]
[Date "2011.07.11"]
[Round "3.12"]
[White "Schwerdtfeger, Wolfgang"]
[Black "Zimmermann, Jasmin"]
[Result "1-0"]
[WhiteElo "1793"]
[BlackElo "1677"]
[Annotator "Albers,Andreas"]
[PlyCount "60"]
[EventDate "2011.??.??"]
[WhiteTeam "Lübecker SV von 1873"]
[BlackTeam "TuRa Harksheide"]

1. c4 Nf6 2. Nc3 g6 3. g3 Bg7 4. Bg2 O-O 5. Nf3 Nc6 6. O-O d5 7. Nxd5 Nxd5 8.
cxd5 Qxd5 9. d3 Qh5 10. Ng5 h6 11. Ne4 Bh3 12. Rb1 Bxg2 13. Kxg2 Qd5 14. Kg1
Qxa2 15. Bf4 g5 16. Be3 f5 17. Nc5 b6 18. Nb3 Na5 19. Nxa5 Qxa5 20. Qb3+ Kh8
21. Rfd1 f4 22. Bd2 Qf5 23. gxf4 gxf4 24. f3 Rg8 25. Kh1 Qh3 26. Rg1 Raf8 27.
Qc4 e5 28. Qxc7 Rc8 29. Qf7 Rc2 30. Rbd1 Rxb2 {und nach 40 Zügen:} 1-0

[Event "St. Pauli Open - B"]
[Site "Hamburg"]
[Date "2011.07.11"]
[Round "3.13"]
[White "Frackowiak, Stanislaw"]
[Black "Burianek, Daniel"]
[Result "0-1"]
[WhiteElo "1647"]
[BlackElo "1787"]
[PlyCount "98"]
[EventDate "2011.??.??"]
[WhiteTeam "Hamburger SK von 1830 eV"]
[BlackTeam "SV VHS Rendsburg"]

1. d4 Nf6 2. c4 e6 3. Nc3 Bb4 4. Qc2 c5 5. dxc5 O-O 6. e3 Na6 7. Bd3 Nxc5 8.
Nge2 d5 9. O-O Nxd3 10. Qxd3 dxc4 11. Qxc4 Qe7 12. a3 Ba5 13. b4 Bc7 14. Bb2 a6
15. Rfd1 b5 16. Qh4 Bb7 17. Ng3 e5 18. Nge4 Bxe4 19. Nxe4 Rfd8 20. Nxf6+ gxf6
21. Qg4+ Kh8 22. e4 Bb6 23. Rd5 Rxd5 24. exd5 Rd8 25. Rd1 Rd6 26. Kf1 e4 27.
Bd4 Bxd4 28. Rxd4 e3 29. Re4 Qd8 30. Rxe3 Rxd5 31. Qe4 Rd1+ 32. Re1 Qd2 33. g3
Rxe1+ 34. Qxe1 Qd3+ 35. Kg2 Qxa3 36. Qe4 Qc3 37. Qg4 Qc6+ 38. Kg1 Qc1+ 39. Kg2
Qc3 40. h4 Qe5 41. h5 h6 42. Qf4 Kg7 43. Qxe5 fxe5 44. Kf3 f5 45. Ke3 Kf6 46.
f3 Kg5 47. f4+ exf4+ 48. gxf4+ Kxh5 49. Kf3 Kh4 0-1

[Event "St. Pauli Open - B"]
[Site "Hamburg"]
[Date "2011.07.11"]
[Round "3.14"]
[White "Meyer, Stefan"]
[Black "Bormann, Jens"]
[Result "1-0"]
[WhiteElo "1784"]
[BlackElo "1648"]
[PlyCount "95"]
[EventDate "2011.??.??"]
[WhiteTeam "FC ST.Pauli 1910 eV SAbt"]
[BlackTeam "Baubehörde"]

1. f4 Nf6 2. Nf3 d6 3. g3 g6 4. Bg2 Bg7 5. O-O O-O 6. d3 Nbd7 7. Nh4 e5 8. f5
c6 9. e4 a5 10. Kh1 Nc5 11. Qe1 Nfd7 12. Nc3 b5 13. Ne2 Bb7 14. Ng1 g5 15. f6
Bxf6 16. Nf5 Be7 17. h4 Ne6 18. hxg5 d5 19. Nxe7+ Qxe7 20. Nh3 Kh8 21. Qf2 f6
22. gxf6 Rxf6 23. Qe1 Rxf1+ 24. Qxf1 Rf8 25. Qe1 b4 26. Be3 d4 27. Bd2 c5 28.
a3 Ba6 29. axb4 c4 30. Rxa5 cxd3 31. Rxa6 dxc2 32. Rc6 d3 33. Bf1 Nd4 34. Bg5
Qf7 35. Rc7 Qxf1+ 36. Qxf1 Rxf1+ 37. Kg2 Rf7 38. Bh6 Ne6 39. Rc6 Rf6 40. Rc8+
Rf8 41. Bxf8 Ndxf8 42. Nf2 Kg7 43. Nxd3 Nd4 44. Nxe5 Nfe6 45. Nf3 Kf6 46. Nxd4
Nxd4 47. Kf2 Ke5 48. Ke3 1-0

[Event "St. Pauli Open - B"]
[Site "Hamburg"]
[Date "2011.07.11"]
[Round "3.15"]
[White "Büdenbender, Timo"]
[Black "Holst, Marten"]
[Result "0-1"]
[WhiteElo "1641"]
[BlackElo "1774"]
[PlyCount "72"]
[EventDate "2011.??.??"]
[WhiteTeam "Sfr.Heimersheim"]
[BlackTeam "SV Diag.Harburg 1926 eV"]

1. d4 Nf6 2. c4 e6 3. Nc3 Bb4 4. Bd2 b6 5. Nf3 Bb7 6. e3 O-O 7. g3 d6 8. Bg2
Nbd7 9. O-O Bxc3 10. Bxc3 Ne4 11. Qc2 f5 12. b4 Qe8 13. Nd2 Ndf6 14. Bb2 Qh5
15. f3 Ng5 16. c5 dxc5 17. dxc5 Nd5 18. Qb3 Rad8 19. Rac1 bxc5 20. Rxc5 Nf6 21.
Rxc7 Rf7 22. Rxf7 Kxf7 23. Nc4 Kg8 24. Ne5 Rd2 25. Qc3 Re2 26. Rf2 Rxf2 27.
Kxf2 Qxh2 28. Qc7 Nh3+ 29. Ke1 Qg1+ 30. Bf1 Qf2+ 31. Kd1 Qxf1+ 32. Kc2 Qe2+ 33.
Kb1 Qe1+ 34. Kc2 Qxb4 35. Ba3 Qxa3 36. Qxb7 Qc5+ 0-1

[Event "St. Pauli Open - B"]
[Site "Hamburg"]
[Date "2011.07.11"]
[Round "3.16"]
[White "Rosenburg, Hauke"]
[Black "Hotze, Kurt"]
[Result "1-0"]
[WhiteElo "1760"]
[BlackElo "1643"]
[PlyCount "117"]
[EventDate "2011.??.??"]
[WhiteTeam "SF Burg von 1966"]
[BlackTeam "Niendorfer TSV 1919 SAbt"]

1. c4 Nf6 2. Nc3 g6 3. d4 d5 4. Nf3 Bg7 5. Bf4 Nc6 6. e3 Bg4 7. h3 Bxf3 8. Qxf3
Nb4 9. Rc1 e6 10. a3 Nc6 11. cxd5 exd5 12. Bb5 O-O 13. Bxc6 bxc6 14. Na4 Qd7
15. Nc5 Qe7 16. Bg5 Rab8 17. b4 a5 18. bxa5 h6 19. Bxf6 Bxf6 20. O-O Rb5 21.
Nd7 Qxd7 22. Qxf6 Rxa5 23. Qxc6 Qf5 24. Qxc7 Rxa3 25. Qe5 Qd7 26. Rc5 Rd8 27.
Qc7 Ra7 28. Qxd7 Raxd7 29. Rb1 Kg7 30. Rb6 Rd6 31. Rxd6 Rxd6 32. f3 Kf6 33. Kf2
Ke6 34. Ke2 Rb6 35. Kd2 Kd6 36. e4 dxe4 37. fxe4 Rb2+ 38. Rc2 Rb4 39. Ke3 Rb3+
40. Kf4 Rb4 41. Rd2 Rb3 42. d5 Rb4 43. Ke3 Rb3+ 44. Rd3 Rb2 45. Kf3 Rb4 46. g4
g5 47. Ra3 Rb6 48. Ra7 f6 49. Rh7 Ke5 50. Rxh6 Rb3+ 51. Kg2 Rd3 52. Kf2 Rd4 53.
Kf3 Rxe4 54. Rxf6 Kxd5 55. Rf8 Re5 56. Rh8 Kd4 57. h4 Re3+ 58. Kf2 gxh4 59.
Rd8+ 1-0

[Event "St. Pauli Open - B"]
[Site "Hamburg"]
[Date "2011.07.11"]
[Round "3.17"]
[White "Kalauch, Jonathan"]
[Black "Wegner, Florian"]
[Result "0-1"]
[WhiteElo "1417"]
[BlackElo "1753"]
[PlyCount "70"]
[EventDate "2011.??.??"]
[WhiteTeam "SK Marmstorf GW Harburg"]
[BlackTeam "Verein Segeberger SF"]

1. c4 e5 2. g3 Nc6 3. Bg2 g6 4. e3 Bg7 5. Ne2 d6 6. h3 f5 7. O-O Nf6 8. Nbc3
O-O 9. a3 Be6 10. b3 Rb8 11. Rb1 Ne7 12. d4 e4 13. d5 Bf7 14. Qc2 Nd7 15. Bb2
Ne5 16. Nb5 a6 17. Nbd4 Nd3 18. Nc1 Nxb2 19. Rxb2 Qd7 20. Rb1 Rbc8 21. Nde2 g5
22. Na2 Ng6 23. Nac3 Ne5 24. Nc1 Bh5 25. Kh2 Nf3+ 26. Bxf3 Bxf3 27. N1e2 Bxc3
28. Nxc3 Rf6 29. Ne2 Rh6 30. Ng1 g4 31. h4 Qe7 32. Nxf3 gxf3 33. Rfc1 Rxh4+ 34.
gxh4 Qxh4+ 35. Kg1 Qh3 0-1

[Event "St. Pauli Open - B"]
[Site "Hamburg"]
[Date "2011.07.11"]
[Round "3.18"]
[White "Skambraks, Torge"]
[Black "Kololli, Kevin"]
[Result "1-0"]
[WhiteElo "1461"]
[BlackElo "1741"]
[PlyCount "37"]
[EventDate "2011.??.??"]
[WhiteTeam "SF Burg von 1966"]
[BlackTeam "Lübecker SV von 1873"]

1. e4 e5 2. Nf3 Nc6 3. Bb5 Nf6 4. O-O Nxe4 5. Re1 Nd6 6. Bxc6 bxc6 7. Rxe5+ Be7
8. d4 O-O 9. c3 Nb7 10. Bf4 d6 11. Re1 c5 12. Nbd2 Be6 13. Qc2 Qd7 14. Re2 Rad8
15. Rae1 Bf5 16. Qb3 Be6 17. Qxb7 Rb8 18. Qa6 Rxb2 19. d5 1-0

[Event "St. Pauli Open - B"]
[Site "Hamburg"]
[Date "2011.07.11"]
[Round "3.19"]
[White "Kopylov, Daniel"]
[Black "Opasiak, Dustin Tennessee"]
[Result "0-1"]
[WhiteElo "1052"]
[BlackElo "1733"]
[PlyCount "58"]
[EventDate "2011.??.??"]
[WhiteTeam "SC Agon Neumünster"]
[BlackTeam "SK Weisse Dame Hamburg"]

1. d4 Nf6 2. c4 c5 3. Nf3 cxd4 4. Nxd4 Nc6 5. Nc3 g6 6. Bf4 d6 7. e3 Bg7 8.
Nxc6 bxc6 9. Be2 O-O 10. O-O Be6 11. Rc1 a5 12. b3 Qb6 13. Na4 Qa7 14. c5 d5
15. h4 Nd7 16. h5 f5 17. hxg6 hxg6 18. Bd3 Bf7 19. g4 e5 20. Bg3 e4 21. Bb1 Ne5
22. Bxe5 Bxe5 23. f4 Bf6 24. Kh1 Be6 25. gxf5 Bxf5 26. Rg1 Qh7+ 27. Kg2 Qh3+
28. Kf2 Bh4+ 29. Ke2 Qh2+ 0-1

[Event "St. Pauli Open - B"]
[Site "Hamburg"]
[Date "2011.07.11"]
[Round "3.20"]
[White "Vokroj, Gabriela"]
[Black "Dümmke, Jens"]
[Result "1-0"]
[WhiteElo "1855"]
[BlackElo "1606"]
[PlyCount "93"]
[EventDate "2011.??.??"]
[WhiteTeam "Austria Wien"]
[BlackTeam "Ahrensburger TSV"]

1. Nf3 Nf6 2. g3 d5 3. Bg2 Bf5 4. d3 e6 5. Nbd2 Nbd7 6. O-O Be7 7. Qe1 h6 8. e4
dxe4 9. dxe4 Bh7 10. Qe2 c6 11. Rd1 Qc7 12. Nh4 O-O 13. a4 Rfd8 14. Nc4 Nb6 15.
Bf4 Rxd1+ 16. Rxd1 Qc8 17. Bd6 Qf8 18. e5 Nfd5 19. Nxb6 Nxb6 20. a5 Nc8 21.
Bxe7 Nxe7 22. a6 b6 23. Rd6 Rd8 24. Qc4 c5 25. c3 Nc8 26. Rxd8 Qxd8 27. Bb7 Ne7
28. Nf3 Bf5 29. Kg2 Qd3 30. Qa4 Qd8 31. b4 cxb4 32. cxb4 Kh7 33. b5 Ng6 34. Be4
Ne7 35. Bxf5+ Nxf5 36. Qe4 Qd5 37. Qxd5 exd5 38. g4 Ne7 39. Nd4 Kg8 40. Nc6 Nc8
41. f4 Kf8 42. Kf3 Ke8 43. Ke3 Kd7 44. Kd4 h5 45. h3 hxg4 46. hxg4 g5 47. f5
1-0

[Event "St. Pauli Open - B"]
[Site "Hamburg"]
[Date "2011.07.11"]
[Round "3.22"]
[White "Andris, Georg"]
[Black "Feldhaus, Thomas"]
[Result "0-1"]
[WhiteElo "1568"]
[BlackElo "1836"]
[PlyCount "280"]
[EventDate "2011.??.??"]
[WhiteTeam "SG Glinde"]
[BlackTeam "FC ST.Pauli 1910 eV SAbt"]

1. e4 e6 2. d4 d5 3. e5 c5 4. c3 Nc6 5. Nf3 Qb6 6. Be2 Nh6 7. Bd3 Bd7 8. Bc2
cxd4 9. cxd4 Nb4 10. Na3 Nxc2+ 11. Nxc2 Bb5 12. a4 Ba6 13. Rb1 Qa5+ 14. Bd2
Qxa4 15. b4 Rc8 16. Ne3 Qxd1+ 17. Kxd1 Bb5 18. Rc1 Rxc1+ 19. Kxc1 Be7 20. Kb2
Kd7 21. Rc1 Rc8 22. Rxc8 Kxc8 23. g3 f6 24. Nc2 Nf7 25. Na3 Be2 26. Ng1 Bd3 27.
Kc3 Bf1 28. f4 fxe5 29. dxe5 a5 30. Nc2 a4 31. Nf3 Kc7 32. Nfd4 Bh3 33. Kb2 g5
34. Ka3 gxf4 35. gxf4 Bh4 36. Kxa4 Nh6 37. b5 Bf5 38. Ne3 Bh3 39. Nf3 Bf2 40.
Ng5 Bxe3 41. Bxe3 Bf5 42. Ka5 Ng4 43. Bg1 Nh6 44. Bb6+ Kd7 45. h4 Bg6 46. Nf3
Ng4 47. Bc5 h6 48. Kb6 Kc8 49. Nd2 Bc2 50. Nf3 Bf5 51. Bg1 h5 52. Nd4 Nh6 53.
Nb3 Nf7 54. Na5 Nd8 55. Bc5 Be4 56. Nb3 Bg2 57. Nd4 Bh3 58. Be7 Nf7 59. Nb3 Bg2
60. Nc5 d4 61. Nxe6 d3 62. Bb4 Nh6 63. Nc5 Nf5 64. Be1 d2 65. Bxd2 Nxh4 66. e6
Nf5 67. Nd3 h4 68. Nf2 h3 69. Bc3 h2 70. Bf6 h1=Q 71. Nxh1 Bxh1 72. Kc5 Be4 73.
b6 Bc6 74. Bg5 Bf3 75. Bf6 Ng3 76. Kd4 Nh5 77. Bg5 Ng7 78. Ke5 Bg4 79. e7 Kd7
80. Kf6 Ne8+ 81. Ke5 Nd6 82. Kf6 Bh5 83. Kg7 Ke8 84. Kf6 Nc8 85. Ke6 Bf7+ 86.
Ke5 Nxe7 87. Kd6 Nf5+ 88. Ke5 Ne3 89. Kd6 Bg6 90. Kc7 Be4 91. Kd6 Kf7 92. Ke5
Bc6 93. Bd8 Bf3 94. Kd4 Ng4 95. Kc5 Ke6 96. Bc7 Kf5 97. Kd4 Nf6 98. Ke3 Bc6 99.
Kd4 Nd5 100. Kc5 Nxf4 101. Kd6 Ke4 102. Bd8 Kd4 103. Bf6+ Kc4 104. Bg5 Nd5 105.
Bd8 Kb5 106. Bg5 Nxb6 107. Ke5 Kc4 108. Bd8 Na4 109. Kd6 Bf3 110. Ba5 b5 111.
Ke5 Nc5 112. Kf4 Nb3 113. Be1 Bd1 114. Ke3 Nd4 115. Ba5 Nc6 116. Be1 b4 117.
Bxb4 Kxb4 118. Kd2 Ba4 119. Ke3 Kc4 120. Kd2 Kd4 121. Kc1 Kc3 122. Kb1 Nb4 123.
Kc1 Nc2 124. Kd1 Nd4+ 125. Ke1 Kd3 126. Kf2 Ne2 127. Kf3 Bd7 128. Kf2 Bf5 129.
Ke1 Ke3 130. Kd1 Be4 131. Ke1 Bc2 132. Kf1 Nf4 133. Ke1 Ng2+ 134. Kf1 Kf3 135.
Kg1 Bd3 136. Kh2 Kf2 137. Kh3 Bf5+ 138. Kh2 Ne3 139. Kh1 Be6 140. Kh2 Nf1+ 0-1

[Event "St. Pauli Open - B"]
[Site "Hamburg"]
[Date "2011.07.11"]
[Round "3.23"]
[White "Keuneke, Hanno"]
[Black "Enke, Nils"]
[Result "1-0"]
[WhiteElo "1774"]
[BlackElo "1561"]
[PlyCount "77"]
[EventDate "2011.??.??"]
[WhiteTeam "Langenhorner SF 1928"]
[BlackTeam "SK Cuxhaven"]

1. e4 c5 2. Nf3 Nc6 3. d4 cxd4 4. Nxd4 Nf6 5. Nc3 e5 6. Ndb5 d6 7. Nd5 Nxd5 8.
exd5 Ne7 9. c4 a6 10. Nc3 g6 11. Ne4 f5 12. Ng3 Bg7 13. Bd2 O-O 14. b4 Bd7 15.
h4 h6 16. Bc3 b5 17. c5 dxc5 18. bxc5 Rc8 19. d6 Nc6 20. Qd5+ Kh7 21. h5 g5 22.
Bd3 e4 23. Bxg7 Kxg7 24. Be2 Qf6 25. Rc1 Be6 26. Qd2 Qe5 27. O-O f4 28. Nh1 f3
29. gxf3 exf3 30. Bd1 Qf5 31. Qc2 Qg4+ 32. Ng3 Bf5 33. Qc3+ Nd4 34. Re1 Kg8 35.
Re3 Qxg3+ 36. fxg3 f2+ 37. Kxf2 Bd3+ 38. Bf3 Nxf3 39. Rxf3 1-0

[Event "St. Pauli Open - B"]
[Site "Hamburg"]
[Date "2011.07.11"]
[Round "3.24"]
[White "Kuhr, Stefan"]
[Black "Bausch, Jean"]
[Result "1/2-1/2"]
[WhiteElo "1560"]
[BlackElo "1758"]
[PlyCount "27"]
[EventDate "2011.??.??"]
[WhiteTeam "FC ST.Pauli 1910 eV SAbt"]
[BlackTeam "Schachclub Unterhaching e.V."]

1. f4 d5 2. Nf3 Nc6 3. b3 Nf6 4. Bb2 g6 5. e3 Bg7 6. Bb5 Bd7 7. O-O O-O 8. Bxc6
Bxc6 9. Ne5 Qe8 10. d3 Nd7 11. Nd2 Nxe5 12. Bxe5 Qd7 13. Bxg7 Kxg7 14. Nf3
1/2-1/2

[Event "St. Pauli Open - B"]
[Site "Hamburg"]
[Date "2011.07.11"]
[Round "3.25"]
[White "Haugwitz, Steffen"]
[Black "Poghosyan, Tigran"]
[Result "0-1"]
[WhiteElo "1504"]
[BlackElo "1728"]
[PlyCount "84"]
[EventDate "2011.??.??"]
[WhiteTeam "SF Hamburg eV 1934"]
[BlackTeam "Lübecker SV von 1873"]

1. e4 c5 2. Nc3 Nc6 3. Bb5 Nd4 4. Bc4 e6 5. Nge2 Nf6 6. O-O d6 7. d3 Nxe2+ 8.
Qxe2 a6 9. f4 Be7 10. f5 b5 11. Bb3 Qc7 12. Bf4 O-O 13. g4 h6 14. h4 Nh7 15.
Qh2 Qb6 16. Be3 Bd7 17. Kf2 Rfc8 18. Rh1 Qd8 19. a3 Rab8 20. Rag1 c4 21. Ba2
Bf8 22. g5 h5 23. g6 Nf6 24. gxf7+ Kxf7 25. fxe6+ Bxe6 26. Qf4 b4 27. Ne2 bxa3
28. bxa3 Rb2 29. Bb1 cxd3 30. cxd3 Bg4 31. Re1 Bxe2 32. Rxe2 Rcb8 33. Bd4 Rxb1
34. Rxb1 Rxb1 35. e5 dxe5 36. Rxe5 Bd6 37. Rd5 Bxf4 38. Rxd8 Rb3 39. Bc5 Bg3+
40. Kxg3 Ne4+ 41. Kf4 Nxc5 42. Kf5 Rxd3 0-1

[Event "St. Pauli Open - B"]
[Site "Hamburg"]
[Date "2011.07.11"]
[Round "3.26"]
[White "Kamm, Karsten"]
[Black "Svane, Frederik"]
[Result "1-0"]
[WhiteElo "1491"]
[BlackElo "1699"]
[PlyCount "75"]
[EventDate "2011.??.??"]
[WhiteTeam "FC ST.Pauli 1910 eV SAbt"]
[BlackTeam "Lübecker SV von 1873"]

1. Nf3 c5 2. d4 cxd4 3. Nxd4 Nc6 4. e4 Nf6 5. Nc3 e5 6. Ndb5 d6 7. Bg5 a6 8.
Bxf6 gxf6 9. Na3 b5 10. Nd5 Be7 11. Qd2 Be6 12. c3 f5 13. Nxe7 Nxe7 14. exf5
Nxf5 15. Bd3 Nh4 16. O-O-O f5 17. Qh6 Ng6 18. g4 e4 19. gxf5 Bxf5 20. Rhe1 Qe7
21. f3 d5 22. fxe4 dxe4 23. Bxe4 Bxe4 24. Rd4 Kf7 25. Rdxe4 Qb7 26. Rf1+ Kg8
27. Rg4 Rd8 28. Rxg6+ hxg6 29. Qxg6+ Qg7 30. Qe6+ Kh7 31. Rf7 Rhe8 32. Rxg7+
Kxg7 33. Qg4+ Kh7 34. Nc2 Rg8 35. Qf5+ Kh8 36. Nd4 Rde8 37. Qf6+ Kh7 38. Nf3
1-0

[Event "St. Pauli Open - B"]
[Site "Hamburg"]
[Date "2011.07.11"]
[Round "3.27"]
[White "Andris, Valentin"]
[Black "Kalauch, Lucas"]
[Result "1-0"]
[WhiteElo "1697"]
[BlackElo "1524"]
[PlyCount "50"]
[EventDate "2011.??.??"]
[WhiteTeam "Schachclub Barsbüttel e. V."]
[BlackTeam "SK Marmstorf GW Harburg"]

1. d4 d5 2. c4 Nf6 3. Nc3 e6 4. cxd5 exd5 5. Bg5 Bb4 6. Qa4+ Nc6 7. Rc1 O-O 8.
e3 a6 9. a3 Bxc3+ 10. Rxc3 Bf5 11. Qb3 Re8 12. Be2 Re6 13. Nf3 Rb8 14. Qd1 Qe8
15. Bf4 Rc8 16. O-O Ne4 17. Rc1 Nf6 18. b4 b5 19. Re1 h6 20. h3 Kh8 21. Nd2 Nd7
22. Nb3 Rg6 23. Kh1 Be4 24. f3 Bf5 25. g4 Be6 1-0

[Event "St. Pauli Open - B"]
[Site "Hamburg"]
[Date "2011.07.11"]
[Round "3.28"]
[White "Retzlaff, Wolfgang"]
[Black "Krause, Werner"]
[Result "1-0"]
[WhiteElo "1677"]
[BlackElo "1498"]
[PlyCount "63"]
[EventDate "2011.??.??"]
[WhiteTeam "Pinneberger SC 1932 eV"]
[BlackTeam "Hamburger SK von 1830 eV"]

1. c4 e5 2. Nc3 Nf6 3. g3 Nc6 4. Bg2 d6 5. e3 Be6 6. d3 Be7 7. Nge2 Qd7 8. a3
d5 9. cxd5 Nxd5 10. Bd2 Nxc3 11. Bxc3 Bd5 12. Bxd5 Qxd5 13. e4 Qd7 14. Qc2 O-O
15. O-O Bd6 16. f4 exf4 17. gxf4 Bc5+ 18. Kh1 Rad8 19. Bxg7 Qxd3 20. Bf6 h5 21.
Qxc5 Qxe4+ 22. Kg1 Rd5 23. Qf2 Kh7 24. Qf3 Qg6+ 25. Qg2 Rg8 26. Bg5 Qd3 27. Rf3
Qd2 28. Rg3 Qxb2 29. Qxd5 Qxa1+ 30. Kg2 Qb1 31. Qxf7+ Rg7 32. Qxh5+ 1-0

[Event "St. Pauli Open - B"]
[Site "Hamburg"]
[Date "2011.07.11"]
[Round "3.29"]
[White "Bücker, Simone"]
[Black "Winkelmann, Jörg"]
[Result "1-0"]
[WhiteElo "1658"]
[BlackElo "1482"]
[PlyCount "83"]
[EventDate "2011.??.??"]
[WhiteTeam "SV Holstein Quickborn"]
[BlackTeam "Bremer SG von 1877"]

1. d4 d5 2. Nf3 Nf6 3. Bf4 e6 4. Nbd2 c5 5. c3 Bd6 6. Bxd6 Qxd6 7. e3 O-O 8.
Be2 Nc6 9. O-O c4 10. a4 e5 11. dxe5 Nxe5 12. Nxe5 Qxe5 13. Nf3 Qc7 14. Nd4 Bd7
15. Bf3 Rad8 16. Qc2 Rfe8 17. Rfd1 Qe5 18. g3 Ne4 19. Bg2 Qf6 20. h3 Re5 21.
Rf1 Qh6 22. Kh2 Rh5 23. h4 Qd6 24. Kg1 Re8 25. Rad1 Bg4 26. Ne2 Qf6 27. Rd4 Bf5
28. Nf4 Rh6 29. Nxd5 Qg6 30. Qd1 Nd6 31. Nf4 Qf6 32. Re1 Bd3 33. Nxd3 cxd3 34.
Qxd3 Nf5 35. Rf4 g6 36. Bh3 Qb6 37. Bxf5 gxf5 38. Qxf5 Re7 39. b4 Rg6 40. Rd1
Qc6 41. Rd8+ Kg7 42. h5 1-0

[Event "St. Pauli Open - B"]
[Site "Hamburg"]
[Date "2011.07.11"]
[Round "3.30"]
[White "Schaeffer, Philipp"]
[Black "Boxberger, Dieter"]
[Result "1-0"]
[WhiteElo "1640"]
[BlackElo "1468"]
[PlyCount "63"]
[EventDate "2011.??.??"]
[WhiteTeam "SK Johanneum Eppendorf"]
[BlackTeam "SK Wilhelmsburg 1936 eV"]

1. e4 e5 2. Nf3 Nc6 3. Nc3 Bc5 4. Nxe5 Bxf2+ 5. Kxf2 Nxe5 6. d4 Ng6 7. Bc4 Qf6+
8. Kg1 d6 9. Be3 Be6 10. Bb3 Bxb3 11. axb3 N8e7 12. Qd2 a6 13. Bg5 Qe6 14. Kf2
h6 15. Bxe7 Qxe7 16. Rhf1 c6 17. Kg1 O-O 18. b4 Rad8 19. Rae1 Qc7 20. Ne2 Kh7
21. c4 Qc8 22. Ng3 Nh8 23. Nf5 Ng6 24. Rf3 Rh8 25. h4 Qd7 26. Ref1 Rhf8 27. Rg3
Rg8 28. h5 Ne7 29. Nxh6 gxh6 30. Rxf7+ Rg7 31. Rfxg7+ Kh8 32. Qxh6# 1-0

[Event "St. Pauli Open - B"]
[Site "Hamburg"]
[Date "2011.07.11"]
[Round "3.31"]
[White "Zumholz, Jan"]
[Black "Kololli, Martin"]
[Result "0-1"]
[WhiteElo "1374"]
[BlackElo "1639"]
[PlyCount "90"]
[EventDate "2011.??.??"]
[WhiteTeam "SV Holstein Quickborn"]
[BlackTeam "Lübecker SV von 1873"]

1. e4 e5 2. Nf3 Nc6 3. Nc3 Nf6 4. Bc4 Bc5 5. d3 d6 6. Bg5 Bg4 7. Nd5 Nd4 8.
Nxf6+ gxf6 9. Be3 Nxf3+ 10. gxf3 Bxe3 11. fxe3 Be6 12. Bxe6 fxe6 13. f4 Qe7 14.
Qh5+ Qf7 15. Qxf7+ Kxf7 16. O-O-O Rhg8 17. Rhg1 Rg6 18. f5 exf5 19. exf5 Rgg8
20. e4 Rad8 21. Kd2 d5 22. Ke3 c5 23. exd5 Rxg1 24. Rxg1 Rxd5 25. c3 b5 26. h4
c4 27. Rd1 Rxd3+ 28. Rxd3 cxd3 29. Kxd3 Ke7 30. c4 bxc4+ 31. Kxc4 Kd6 32. b4
Kc6 33. a4 a6 34. h5 h6 35. b5+ axb5+ 36. axb5+ Kb6 37. Kd5 Kxb5 38. Ke6 e4 39.
Kxf6 e3 40. Kg6 e2 41. f6 e1=Q 42. f7 Qb4 43. Kxh6 Qf8+ 44. Kg6 Kc6 45. Kf6 Kd6
0-1

[Event "St. Pauli Open - B"]
[Site "Hamburg"]
[Date "2011.07.11"]
[Round "3.32"]
[White "Svane, Freja"]
[Black "Rockel, Marcus"]
[Result "0-1"]
[WhiteElo "820"]
[BlackElo "1622"]
[PlyCount "92"]
[EventDate "2011.??.??"]
[WhiteTeam "Lübecker SV von 1873"]
[BlackTeam "Hamburger SK von 1830 eV"]

1. e4 c5 2. Nf3 d6 3. Bb5+ Bd7 4. Bxd7+ Qxd7 5. O-O Nf6 6. Nc3 g6 7. d3 Bg7 8.
Bf4 Nc6 9. Qd2 O-O 10. Bh6 a6 11. Rfe1 b5 12. Rad1 e5 13. a3 Nd4 14. Nxd4 cxd4
15. Nd5 Nxd5 16. exd5 Qb7 17. c4 dxc3 18. bxc3 Qxd5 19. Bxg7 Kxg7 20. g3 Rac8
21. Rc1 Rfe8 22. d4 e4 23. Rc2 Qb3 24. Ra1 d5 25. Kg2 Re7 26. Raa2 Rec7 27. h4
Rxc3 28. Rxc3 Qxc3 29. Qxc3 Rxc3 30. Kh3 Rd3 31. a4 b4 32. f4 Rxd4 33. Kg4 f5+
34. Kh3 e3 35. Kg2 Rd2+ 36. Kf1 Rxa2 37. Ke1 b3 38. Kd1 b2 39. Kc2 e2 40. Kd2
b1=Q+ 41. Kc3 e1=Q+ 42. Kd4 Rd2+ 43. Kc5 Qec1+ 44. Kd6 Qb6+ 45. Ke7 Qcc7+ 46.
Ke8 Re2# 0-1

[Event "St. Pauli Open - B"]
[Site "Hamburg"]
[Date "2011.07.11"]
[Round "3.36"]
[White "Haak, Werner"]
[Black "Fischer, Jürgen"]
[Result "1/2-1/2"]
[WhiteElo "1806"]
[BlackElo "1477"]
[PlyCount "64"]
[EventDate "2011.??.??"]
[WhiteTeam "Hamburger SK von 1830 eV"]
[BlackTeam "FC ST.Pauli 1910 eV SAbt"]

1. e4 c5 2. Nf3 d6 3. d4 cxd4 4. Nxd4 Nf6 5. Nc3 a6 6. Be3 g6 7. Bc4 Bg7 8. Bb3
Nc6 9. Qd2 Ng4 10. Nxc6 bxc6 11. Bd4 Bxd4 12. Qxd4 O-O 13. O-O Qc7 14. h3 Nf6
15. Rad1 c5 16. Qe3 Bb7 17. Rfe1 Rad8 18. Nd5 Bxd5 19. exd5 c4 20. Ba4 Qa5 21.
Qxe7 Nxd5 22. Qg5 Qxa4 23. Qxd5 Qxc2 24. Rc1 Qxb2 25. Rxc4 Qf6 26. Rc6 Rfe8 27.
Rxe8+ Rxe8 28. Qd2 Qa1+ 29. Rc1 Qe5 30. Rd1 Qe2 31. Qxd6 Qxa2 32. Qd4 Qc2
1/2-1/2

[Event "St. Pauli Open - B"]
[Site "Hamburg"]
[Date "2011.07.11"]
[Round "3.37"]
[White "Janke, Hendrik"]
[Black "Bernstengel, Aaron"]
[Result "1/2-1/2"]
[WhiteElo "1767"]
[BlackElo "1329"]
[PlyCount "92"]
[EventDate "2011.??.??"]
[WhiteTeam "SF Burg von 1966"]
[BlackTeam "SC Diogenes eV"]

1. e4 e6 2. b3 d5 3. Bb2 c5 4. exd5 exd5 5. Bb5+ Bd7 6. Qe2+ Qe7 7. Qxe7+ Nxe7
8. Nc3 a6 9. Bxd7+ Nxd7 10. O-O-O d4 11. Ne4 Nc6 12. Re1 O-O-O 13. Ng5 Nce5 14.
f4 Be7 15. Nxf7 Nxf7 16. Rxe7 Rde8 17. Rxe8+ Rxe8 18. Kd1 Nd6 19. Nh3 Nf6 20.
Re1 Rxe1+ 21. Kxe1 Ng4 22. Ng5 Nxh2 23. Nxh7 Ng4 24. Ng5 Kd7 25. Ke2 Ke7 26.
Kf3 Nh2+ 27. Ke2 Ng4 28. c3 Nf5 29. cxd4 cxd4 30. Nf3 Ng3+ 31. Kd3 Nh5 32. Nxd4
Nxf4+ 33. Ke4 Nh5 34. Nf5+ Kf8 35. Nd6 b5 36. Kd5 Nf4+ 37. Kc6 Nxg2 38. d4 g5
39. d5 N4e3 40. Ne4 g4 41. d6 Nf4 42. Bc1 Ned5 43. Bxf4 Nxf4 44. Kc7 Ne6+ 45.
Kc8 a5 46. a3 Kf7 1/2-1/2

[Event "St. Pauli Open - B"]
[Site "Hamburg"]
[Date "2011.07.11"]
[Round "3.38"]
[White "Raschka, Robert"]
[Black "Lorsbach, Heinz"]
[Result "1/2-1/2"]
[WhiteElo "1474"]
[BlackElo "1750"]
[PlyCount "64"]
[EventDate "2011.??.??"]
[WhiteTeam "Hamburger SK von 1830 eV"]
[BlackTeam "FC ST.Pauli 1910 eV SAbt"]

1. d4 e6 2. Nf3 c5 3. c3 d5 4. Bf4 Nc6 5. e3 Bd6 6. dxc5 Bxc5 7. Bb5 Bd7 8.
Nbd2 a6 9. Bd3 Bb6 10. Nd4 Bc7 11. Nxc6 bxc6 12. Bxc7 Qxc7 13. b4 c5 14. a3 Ne7
15. O-O O-O 16. Qh5 Ng6 17. Nf3 Be8 18. Ng5 h6 19. Nxe6 fxe6 20. Bxg6 Rf5 21.
Qg4 Bxg6 22. Qxg6 Rf6 23. Qg3 Qc6 24. Rfc1 Raf8 25. f3 Rf5 26. Qf2 c4 27. Qe2
Qb6 28. f4 Rxf4 29. Rf1 e5 30. g3 Re4 31. Rxf8+ Kxf8 32. Qf3+ Qf6 1/2-1/2

[Event "St. Pauli Open - B"]
[Site "Hamburg"]
[Date "2011.07.11"]
[Round "3.39"]
[White "Rogozenco, Teodora"]
[Black "Schoppe, Gottfried"]
[Result "1-0"]
[WhiteElo "1427"]
[BlackElo "1720"]
[PlyCount "87"]
[EventDate "2011.??.??"]
[WhiteTeam "Hamburger SK von 1830 eV"]
[BlackTeam "SK Caissa Rahlstedt von 1965 e.V"]

1. Nf3 Nc6 2. d4 e6 3. c4 d5 4. Nc3 Nf6 5. Bg5 h6 6. Bh4 Be7 7. e3 O-O 8. Bd3
a6 9. O-O Nb4 10. Be2 Nd7 11. Bxe7 Qxe7 12. a3 dxc4 13. axb4 Qxb4 14. Qa4 Qxa4
15. Rxa4 Nb6 16. Ra3 Bd7 17. Rc1 Bb5 18. Bf1 Rfc8 19. Ne4 Bc6 20. Ned2 Bd5 21.
e4 Bc6 22. Ne5 Be8 23. Ndxc4 Nxc4 24. Nxc4 b5 25. Ne5 f6 26. Nc6 Kf8 27. Rac3
Bd7 28. f4 Kf7 29. Kf2 g6 30. h3 Bxc6 31. Rxc6 Ra7 32. b4 Ke7 33. d5 exd5 34.
exd5 h5 35. h4 Rd8 36. Rxc7+ Rd7 37. Rxa7 Rxa7 38. g3 Rd7 39. Bg2 Rd6 40. Rc6
Kd7 41. Bh3+ f5 42. Bg2 Ke7 43. Rxd6 Kxd6 44. Ke3 1-0